| 000 | 01070nam a2200253Ia 4500 | ||
|---|---|---|---|
| 999 |
_c3276 _d3276 |
||
| 003 | OSt | ||
| 005 | 20200330152604.0 | ||
| 008 | 191128s2013 ck ao gr 000 0dspa d | ||
| 020 | _a9789587171570 | ||
| 040 |
_aCO-JMCR _cCO-JMCR |
||
| 041 | 0 | _aspa | |
| 082 | 0 | 4 |
_a320.854 / _bU66g _221 |
| 100 | 1 |
_aUpdeGraff, Ruth Ann, _eautora _92197 |
|
| 245 | 1 | 0 |
_aGaitán el alcalde del pueblo : _bla administración de Jorge Eliécer Gaitán en Bogotá 1936-1937 / _cRuth Ann UpdeGraff |
| 250 | _aPrimera edición | ||
| 260 |
_aBogotá : _bSecretaría General Alcaldía Mayor de Bogotá, _c2013 |
||
| 300 |
_a106 páginas : _bfotografías a blanco y negro ; _c23 cm. |
||
| 500 | _aIncluye datos biográficos de la autora. | ||
| 505 | 0 | _aBogotá -- Jorge Eliécer Gaitán -- La alcaldía -- Epílogo -- Decretros -- Noticias | |
| 650 | 1 | 4 |
_aGaitán, Jorge Eliécer _x _y1898-1948 _zBogotá (Colombia) _92198 |
| 650 | 1 | 4 |
_aPolítica y gobierno _y1936-1937 _zBogotá (Colombia) _92199 |
| 650 | 1 | 4 |
_aAdministración pública _y1936-1937 _zBogotá (Colombia) _92200 |
| 942 |
_2ddc _cBK |
||